Ciencias naturales: biología, 1º año medio, texto del estudiante

שמור ב:
מידע ביבליוגרפי
Main Authors: Villagra Massera, Lorenzo (Author), Cataldo Ramos, Juan (Author), Cerda Bascuñán, César (Author)
פורמט: ספר
שפה:ספרדית
יצא לאור: Santiago McGraw Hill Interamericana 2001
מהדורה:1a. ed
נושאים:
תגים: הוספת תג
אין תגיות, היה/י הראשונ/ה לתייג את הרשומה!

MARC

LEADER 00000nam a2200000 a 4500
001 UCK1550
003 CL-VaPUC
008 041119e20010000CL |||||||||||||||||spa|d
020 |a 9562781356 
082 0 4 |a 570.712  |b VIL  |2 21 
100 0 |a Villagra Massera, Lorenzo  |e author  |9 489403 
700 0 |a Cataldo Ramos, Juan  |e author  |9 489404 
700 0 |a Cerda Bascuñán, César  |e author  |9 489405 
245 1 0 |a Ciencias naturales: biología, 1º año medio, texto del estudiante 
250 |a 1a. ed 
300 |a 255 p 
942 |c BK 
945 |d 20041119 00:00:00  |a vberengu 
260 |a Santiago  |b McGraw Hill Interamericana  |c 2001 
650 0 |a Educación científica   |9 307484 
650 7 |a BIOLOGIA - METODOS DE ENSEÑANZA  |2 CL-VaPUC  |9 489406 
650 0 |a Libros de texto  |9 270019 
583 |a last modification  |c 20170816 01:29:52  |k Rodrigo Vera 
999 |c 311461  |d 311459